000
00190 a2200097 4500
020
_a
9780965738729
041
_a
eng
100
_a
Lee Rankin, Jane
245
_a
Cookin' up a stotm
942
_c
BK
999
_c
7995
_d
7995